000 00305nam a2200121Ia 4500
008 241028s9999 xx 000 0 und d
041 _aeng
082 _a332 MIS
100 _aFrederic Mishkin
245 _aFinancial Markets And Institutions
260 _bPearson
_aLondon
_c2024
300 _a637;. P. 25 cm
999 _c42771
_d42771